| 000 | 00737nam a2200229Ia 4500 | ||
|---|---|---|---|
| 003 | OSt | ||
| 005 | 20220923231022.0 | ||
| 006 | a|||||r|||| 00| 0 | ||
| 007 | ta | ||
| 008 | 220922b |||||||| |||| 00| 0 hin d | ||
| 024 | _a353,871 | ||
| 037 | _cTextual | ||
| 040 |
_aARTS _cARTS _bhin |
||
| 041 |
_2hin _ahin |
||
| 082 | _aP15v2, 152L1(TB) | ||
| 100 | _aवर्मा, सत्यकाम, ले. | ||
| 245 | 0 | _aसंस्कृत व्याकरण का उद्भव और विकास | |
| 246 | _aSanskṛut vyākaraṇ kā udbhav aur vikāsa | ||
| 260 | _c1971 | ||
| 942 |
_hP15v2, 152L1(TB) _cTEXL _2CC |
||
| 999 |
_c388807 _d388807 |
||